| 000 | 00832nam a2200241 4500 | ||
|---|---|---|---|
| 003 | OSt | ||
| 005 | 20260601171012.0 | ||
| 008 | 260421b2011\\\\xxu\||||\||||\00|\0\eng\d | ||
| 020 | _a9781586487980 (empastado, cubierta dura) | ||
| 040 |
_aICI _bspa _cICI |
||
| 050 |
_aHC59.7 _bB345 |
||
| 100 | 1 |
_aBanerjee, Abhijit V., _eautor _933284 |
|
| 245 | 1 |
_aPoor economics : _ba radical rethinking of the way to fight global poverty / _cAbhijit V. Banerjee and Esther Duflo |
|
| 264 |
_aNew York : _bPublicAffairs, _cc2011 |
||
| 300 | _axi,303 páginas | ||
| 336 |
_2rdacontent _atexto |
||
| 337 |
_2rdamedia _asin medio |
||
| 338 |
_2rdacarrier _avolumen |
||
| 650 | 0 |
_aAsistencia económica _zPaíses en desarrollo _933285 |
|
| 650 | 0 |
_aPobreza _xPrevención _933286 |
|
| 700 | 1 |
_aDuflo, Esther, _d972- , _eautor _933287 |
|
| 942 |
_2lcc _n0 _cB |
||
| 999 |
_c20544 _d20544 |
||